000 02670nam a2200505 i 4500
001 196186
003 ES-MaACL
005 20250809052939.0
008 240817s2021 sp a | |||| 001 0 spa
015 _aMON21
017 _aM 32889-2021
_bOficina Depósito Legal Madrid
020 _a9788412034790
035 _a(SpMaBN)a7244397
035 _a991047618099708606
040 _aSpMaBN
_bspa
_cSpMaBN
_erda
080 _a929 Ferencz, Benjamin B.
080 _a929 Cassese, Antonio
080 _a34 Ferencz, Benjamin B.
080 _a34 Cassese, Antonio
080 _a340.114
100 _aStuart, Heikelina Verrijn
_9238454
_eaut
245 1 3 _aEl fiscal y el juez :
_bBenjamin Ferencz y Antonio Cassese /
_cHeikelina Verrijn Stuart y Marlise Simons ; prefacio, Heikelina Verrijn Stuart ; presentación, Joaquín Gónzalez Ibáñez ; prólogo, Yolanda Rueda Soriano y Javier Hernández García ; traducción, Cristina McLaren, Ángela González Linacero.
264 1 _a[Madrid] :
_bBerg Institute,
_c[2021].
264 4 _c©2021
300 _a273 páginas :
_bilustraciones (blanco y negro y color) ;
_c24 cm.
336 _aTexto
_aImagen fija
_2rdacontent
337 _asin mediación
_2rdamedia
338 _avolumen
_2rdacarrier
490 1 _aBiblioteca literatura y derechos humanos ;
_v16
504 _aBibliografía: páginas 267-270. Índice
520 _aEn 2009 Benjamin Ferencz, fiscal jefe de Nuremberg en el juicio a los Einsatzgruppen, y Antonio Cassese primer presidente del Tribunal Penal Internacional para la antigua Yugoslavia y del Tribunal Especial para el Líbano, recibieron el Premio Erasmus. Fue entonces cuando Heikelina Verrij Stuart y Marlise Simons decidieron entrevistarlos. El fiscal y el juez recoge el resultado de estas entrevistas junto con varios artículos de Cassese y Ferencz sobre temas como el crimen de agresión, la compensación de las víctimas o la evolución de la justicia internacional.
600 0 _aFerencz, Benjamin B.,
_d1920-2023
_9238455
600 0 _aCassese, Antonio
_9238447
650 4 _aJusticia
_914032
700 _aSimons, Marlise
_9238456
_eaut
700 _aMcLaren, Cristina
_9238453
_etrl
700 _aGonzález Linacero, Ángela
_9238457
_etrl
830 0 _aBiblioteca literatura y derechos humanos
_v16
_9238888
852 _aES-MaACL
_bR.154535
_cDEPOJ
_jN-9261
_hDonación: Editorial
_xEncuadernación cartoné
_9205215
942 _cMONOGRAFIA
_n0
999 _c196186
_d196186